|
|
|
|
| LEADER |
04001nam a2200577 4500 |
| 001 |
ocn729731085 |
| 003 |
OCoLC |
| 005 |
20170124072407.2 |
| 006 |
m o d |
| 007 |
cr cn||||||||| |
| 008 |
110609s2011 mau ob 001 0 eng d |
| 040 |
|
|
|a DG1
|b eng
|e pn
|c DG1
|d YDXCP
|d E7B
|d OCLCQ
|d ABC
|d OCLCQ
|d OCLCO
|d OCLCF
|d VLB
|d OCLCA
|d NLGGC
|d OCLCQ
|d DG1
|d GrThAP
|
| 019 |
|
|
|a 723450963
|a 767516265
|a 839834439
|
| 020 |
|
|
|a 9781444314861
|q (electronic bk.)
|
| 020 |
|
|
|a 1444314866
|q (electronic bk.)
|
| 020 |
|
|
|a 9781405197274
|q (electronic bk.)
|
| 020 |
|
|
|a 1405197277
|q (electronic bk.)
|
| 029 |
1 |
|
|a AU@
|b 000047226134
|
| 029 |
1 |
|
|a CHSLU
|b 001068499
|
| 029 |
1 |
|
|a CHVBK
|b 027945502
|
| 029 |
1 |
|
|a GBVCP
|b 790030098
|
| 029 |
1 |
|
|a NLGGC
|b 356615545
|
| 029 |
1 |
|
|a NZ1
|b 15916160
|
| 035 |
|
|
|a (OCoLC)729731085
|z (OCoLC)723450963
|z (OCoLC)767516265
|z (OCoLC)839834439
|
| 037 |
|
|
|a 10.1002/9781444314861
|b Wiley InterScience
|n http://www3.interscience.wiley.com
|
| 050 |
|
4 |
|a HM1017
|b .H36 2011eb
|
| 082 |
0 |
4 |
|a 303.48/34
|2 22
|
| 084 |
|
|
|a 05.30
|2 bcl
|
| 049 |
|
|
|a MAIN
|
| 245 |
0 |
4 |
|a The handbook of internet studies /
|c edited by Mia Consalvo and Charles Ess.
|
| 264 |
|
1 |
|a Malden, MA :
|b Wiley-Blackwell,
|c 2011.
|
| 300 |
|
|
|a 1 online resource (xiii, 498 pages).
|
| 336 |
|
|
|a text
|b txt
|2 rdacontent
|
| 337 |
|
|
|a computer
|b c
|2 rdamedia
|
| 338 |
|
|
|a online resource
|b cr
|2 rdacarrier
|
| 490 |
1 |
|
|a Handbooks in communication and media
|
| 505 |
0 |
|
|a What is internet studies? / Charles Ess, Mia Consalvo -- Beyond the great divides? a primer on internet histories, methods, and ethics. Part introduction / Charles Ess -- Studying the internet through the ages / Barry Wellman -- Web archiving: between past, present, and future / Niels Brugger -- New media, old methods -- Internet methodologies and the online/offline divide / Klaus Bruhn Jensen -- The internet in everyday life: exploring the tenets and contributions of diverse approaches / Maria Bakardjieva -- Internet research ethics: past, present, and future / Elizabeth A Buchanan -- Shaping daily life: the internet and society. Part introduction / Mia Consalvo -- Assessing the internet's impact on language / Naomi S Baron -- Internet policy / Sandra Braman -- Political discussion online / Jennifer Stromer-Galley, Alexis Wichowski -- Does the internet empower? a look at the internet and international development / Deborah L Wheeler -- Internet and health communication / Lorna Heaton -- Internet and religion / Heidi Campbell -- Indigenous peoples on the internet / Laurel Dyson -- Queering internet studies: intersections of gender and sexuality / Janne Bromseth, Jenny Sunďn -- Internet and culture. Part introduction / Mia Consalvo -- Community and the internet / Lori Kendall -- Moos to mmos: the internet and virtual worlds / Mia Consalvo -- Internet, children, and youth / Sonia Livingstone -- Internet and games / T L Taylor -- Social networks 2.0 / Nancy K Baym -- Newly mediated media: understanding the changing internet landscape of the media industries / P David Marshall -- Online pornography: ubiquitous and effaced / Susanna Paasonen -- Music and the internet / Steve Jones -- Why and how online sociability became part and parcel of teenage life / Marika Luders -- Index.
|
| 504 |
|
|
|a Includes bibliographical references and index.
|
| 588 |
0 |
|
|a Print version record.
|
| 650 |
|
0 |
|a Internet
|x Social aspects.
|
| 650 |
|
7 |
|a Internet
|x Social aspects.
|2 fast
|0 (OCoLC)fst01766793
|
| 650 |
1 |
7 |
|a Internet.
|2 gtt
|
| 655 |
|
4 |
|a Electronic books.
|
| 655 |
|
7 |
|a Handboeken (vorm)
|0 (NL-LeOCL)088143252
|2 gtt
|
| 700 |
1 |
|
|a Consalvo, Mia,
|d 1969-
|
| 700 |
1 |
|
|a Ess, Charles,
|d 1951-
|
| 710 |
2 |
|
|a Wiley InterScience (Online service)
|
| 776 |
0 |
8 |
|i Print version:
|t Handbook of internet studies.
|d Malden, MA : Wiley-Blackwell, 2011
|z 9781405185882
|w (OCoLC)708343059
|
| 830 |
|
0 |
|a Handbooks in communication and media.
|
| 856 |
4 |
0 |
|u https://doi.org/10.1002/9781444314861
|z Full Text via HEAL-Link
|
| 994 |
|
|
|a 92
|b DG1
|